| 000 -LEADER |
| fixed length control field |
01097cam a2200301 a 4500 |
| 001 - CONTROL NUMBER |
| control field |
16982870 |
| 003 - CONTROL NUMBER IDENTIFIER |
| control field |
OSt |
| 005 - DATE AND TIME OF LATEST TRANSACTION |
| control field |
20250618104506.0 |
| 008 - FIXED-LENGTH DATA ELEMENTS--GENERAL INFORMATION |
| fixed length control field |
110929s2013 nyu c 000 1 eng |
| 010 ## - LIBRARY OF CONGRESS CONTROL NUMBER |
| LC control number |
2011029775 |
| 020 ## - INTERNATIONAL STANDARD BOOK NUMBER |
| International Standard Book Number |
9781442444102 (pbk) |
| 040 ## - CATALOGING SOURCE |
| Original cataloging agency |
DLC |
| Transcribing agency |
DLC |
| Modifying agency |
DLC |
| -- |
KH8 |
| 042 ## - AUTHENTICATION CODE |
| Authentication code |
lcac |
| -- |
pcc |
| 082 ## - DEWEY DECIMAL CLASSIFICATION NUMBER |
| Classification number |
FIC HEA |
| 100 1# - MAIN ENTRY--PERSONAL NAME |
| Personal name |
O'Hearn, Kate, |
| Relator term |
author. |
| 240 10 - UNIFORM TITLE |
| Uniform title |
Pegasus and the flame |
| 245 10 - TITLE STATEMENT |
| Title |
Pegasus : |
| Remainder of title |
the flame of Olympus / |
| Statement of responsibility, etc. |
Kate O'Hearn. |
| 250 ## - EDITION STATEMENT |
| Edition statement |
First Aladdin paperback ed. |
| 260 ## - PUBLICATION, DISTRIBUTION, ETC. |
| Place of publication, distribution, etc. |
New York : |
| Name of publisher, distributor, etc. |
Aladdin, |
| Date of publication, distribution, etc. |
2013. |
| 300 ## - PHYSICAL DESCRIPTION |
| Extent |
387 p. ; |
| Dimensions |
20 cm. |
| 490 0# - SERIES STATEMENT |
| Series statement |
Pegasus ; |
| Volume/sequential designation |
bk 1 |
| 520 ## - SUMMARY, ETC. |
| Summary, etc. |
Thirteen-year-old Emily's life is transformed when Pegasus, the mythological winged horse, crashes onto the roof of her building during a New York City blackout and takes her to Olympus where she faces monsters, a corrupt governmental agency, and the quest to keep the Olympic flame burning. |
| 521 1# - TARGET AUDIENCE NOTE |
| Target audience note |
Ages 8-12. |
| 650 #1 - SUBJECT ADDED ENTRY--TOPICAL TERM |
| Topical term or geographic name entry element |
Pegasus (Greek mythology) |
| Form subdivision |
Fiction. |
| 650 #1 - SUBJECT ADDED ENTRY--TOPICAL TERM |
| Topical term or geographic name entry element |
Greek mythology |
| Form subdivision |
Fiction. |
| 650 #1 - SUBJECT ADDED ENTRY--TOPICAL TERM |
| Topical term or geographic name entry element |
Fantasy. |
| 942 ## - ADDED ENTRY ELEMENTS (KOHA) |
| Source of classification or shelving scheme |
|
| Koha item type |
Books - Fiction |